000 00623nam a2200193 i 4500
001 67532
003 ES-MaACL
005 20230906170109.0
007 t|
008 040603s2003 sp ||||1| spa d
080 _a061.22(460.353 S.)
110 2 _aAteneo de Sevilla.
_92028
245 1 0 _aMemoria de la presidencia de Antonio Hermosilla Molina
_b: (septiembre 1996 - noviembre 1999).
260 _aSevilla :
_bAteneo de Sevilla,
_c[2003]
300 _a56 p. :
_bil. ;
_c24 cm.
610 2 _aAteneo de Sevilla-
_vMemorias.
_92030
700 1 _aHermosilla Molina, Antonio.
_962767
852 _aES-MaACL
_jL-27726
_bR.133463
999 _c67532
_d67532